书目信息 |
| 题名: |
《社会发展简史》教学
|
|
| 作者: | ;《中学政治课教学》编辑部《丛书》编辑组 编 | |
| 分册: | 上 | |
| 出版信息: | 北京 北京师范大学出版社 1983 |
|
| 页数: | 240页 | |
| 开本: | 19cm | |
| 丛书名: | 中学政治课教学参考丛书 | |
| 单 册: | ||
| 中图分类: | G633.2 | |
| 科图分类: | ||
| 主题词: | 中学--政治课 | |
| 电子资源: | ||
| ISBN: | ||
| 000 | 00842nam2 2200253 45 | |
| 001 | 0183009800 | |
| 005 | 20050411152527.2 | |
| 010 | @dCNY0.65 | |
| 091 | @a7243.120 | |
| 100 | @a19950516d1983 em y0chiy0121 ea | |
| 101 | 0 | @achi |
| 102 | @aCN@b110000 | |
| 105 | @ay z 000yy | |
| 200 | 12 | @a《社会发展简史》教学@A《 she hui fa zhan jian shi》 jiao xue@h上@f《中学政治课教学》编辑部《丛书》编辑组编@F《Zhong Xue Zheng Zhi Ke Jiao Xue》Bian Ji Bu《Cong Shu》Bian Ji Zu Bian |
| 210 | @a北京@c北京师范大学出版社@d1983 | |
| 215 | @a240页@d19cm | |
| 225 | 2 | @a中学政治课教学参考丛书 |
| 410 | 0 | @120010@a中学政治课教学参考丛书 |
| 606 | @a中学@x政治课 | |
| 690 | @aG633.2@v3 | |
| 711 | 02 | @a《中学政治课教学》编辑部《丛书》编辑组@4编 |
| 801 | 0 | @aCN@b上海图书馆@c20040427 |
| 801 | 2 | @aCN@bNLC@c20040427 |
| 905 | @dG633.2@e10:1@f1@b93250 | |
| 《社会发展简史》教学.上/《中学政治课教学》编辑部《丛书》编辑组编.-北京:北京师范大学出版社,1983 |
| 240页;19cm.-(中学政治课教学参考丛书) |
| ISBN :CNY0.65 |
| ● |
| 相关链接 |
|
|
|
|
正题名:《社会发展简史》教学
索取号:G633.2/10:1
 
预约/预借
| 序号 | 登录号 | 条形码 | 馆藏地/架位号 | 状态 | 备注 |
| 1 | 0093247 | 000472474 | 密集书库/ [索取号:G633.2/10:1] | 在馆 | |
| 2 | 0093250 | 001996576 | 密集书库/ [索取号:G633.2/10:1] | 在馆 | |
| 3 | 0093251 | 000472517 | 第一样本阅览室/ [索取号:G633.2/10:1] | 在馆 |